00328nam a2200121Ia 4500008004100000020001500041041001200056100001500068245007500083260002500158300000800183650001500191221030s9999 xx 000 0 und d a9350974995 aEnglish aS. R. Nair 0aConsumer Behaviour in Indian Perspective : Text & Casescby S. R. Nair bHPHaNew Delhic2015 a632 aManagement